Outlander Families - Statistics

General Stats
  • This quiz has been taken 13 times
  • The average score is 14 of 23
Answer Stats
Parents Children % Correct
Brianna
100%
James Fraser + Claire Beauchamp Faith
100%
Ian (Young Ian)
100%
James Fraser + Geneva Dunsany William
100%
William (Willie)
100%
Ian Murry + Janet Fraser James (Young Jamie)
90%
Janet (Jenny)
90%
Amanda
80%
Fergus
80%
Fergus Fraser + Marsali MacKimmie Germain
80%
Brian Fraser + Ellen MacKenzie James
80%
Janet
80%
Roger MacKenzie + Brianna Fraser Jeremiah
80%
Henri-Christian
60%
David
50%
Joan
30%
Margaret (Maggie)
30%
Michael
20%
Alexandre
10%
Felicite
10%
Caitlin
0%
Charles-Claire
0%
Katherine (Kitty)
0%
No matching quizzes found
Score Distribution
Percent of People with Each Score
Percentile by Number Answered
Your Score History
You have not taken this quiz